<?xml version="1.0" encoding="UTF-8"?>
<record
    xmlns:xsi="http://www.w3.org/2001/XMLSchema-instance"
    xsi:schemaLocation="http://www.loc.gov/MARC21/slim http://www.loc.gov/standards/marcxml/schema/MARC21slim.xsd"
    xmlns="http://www.loc.gov/MARC21/slim">

  <leader>00978cam a22002411  4500</leader>
  <controlfield tag="001">af 48003512 </controlfield>
  <controlfield tag="003">DLC</controlfield>
  <controlfield tag="005">20260227110902.0</controlfield>
  <controlfield tag="008">850619s1944    gw c          000 0bger c</controlfield>
  <datafield tag="010" ind1=" " ind2=" ">
    <subfield code="a">af 48003512 </subfield>
  </datafield>
  <datafield tag="035" ind1=" " ind2=" ">
    <subfield code="a">(OCoLC)12174434</subfield>
  </datafield>
  <datafield tag="040" ind1=" " ind2=" ">
    <subfield code="a">Sibley Musical Library</subfield>
    <subfield code="c">NRU-Mus</subfield>
    <subfield code="d">DLC</subfield>
  </datafield>
  <datafield tag="042" ind1=" " ind2=" ">
    <subfield code="a">premarc</subfield>
  </datafield>
  <datafield tag="050" ind1="0" ind2="0">
    <subfield code="a">ML410.P32</subfield>
    <subfield code="b">H29</subfield>
  </datafield>
  <datafield tag="245" ind1="0" ind2="0">
    <subfield code="a">Hans Pfitzner zum 75. Geburtstag am 5. Mai 1944.</subfield>
  </datafield>
  <datafield tag="260" ind1=" " ind2=" ">
    <subfield code="a">K&#xF6;ln,</subfield>
    <subfield code="b">P.J. Tonger,</subfield>
    <subfield code="c">[1944]</subfield>
  </datafield>
  <datafield tag="300" ind1=" " ind2=" ">
    <subfield code="a">15 p.</subfield>
    <subfield code="b">port.</subfield>
    <subfield code="c">21 cm.</subfield>
  </datafield>
  <datafield tag="500" ind1=" " ind2=" ">
    <subfield code="a">Special number of the Marburger studentische Kulturbl&#xE4;tter.</subfield>
  </datafield>
  <datafield tag="505" ind1="0" ind2=" ">
    <subfield code="a">Zum 75. Geburtstag Hans Pfitzners, von Ludwig Schrott.--Hans Pfitzners Verm&#xE4;chtnis an die Jugend, von Richard Schaal.--Studentische Musikwoche in Marburg-Lahn, von F. Freund.--Verzeichnis der Werke Hans Pfitzners (p. 12-14)--Buchbesprechungen, von Richard Schaal.</subfield>
  </datafield>
  <datafield tag="600" ind1="1" ind2="0">
    <subfield code="a">Pfitzner, Hans Erich,</subfield>
    <subfield code="d">1869-1949.</subfield>
  </datafield>
  <datafield tag="650" ind1=" " ind2="0">
    <subfield code="a">Music.</subfield>
  </datafield>
  <datafield tag="730" ind1="0" ind2=" ">
    <subfield code="a">Marburger studentische Kulturbl&#xE4;tter.</subfield>
  </datafield>
  <datafield tag="999" ind1=" " ind2=" ">
    <subfield code="c">5629</subfield>
    <subfield code="d">5629</subfield>
  </datafield>
</record>
